| 000 | 03523cam a22012374i 4500 | ||
|---|---|---|---|
| 003 | PE-LiUPU | ||
| 005 | 20250813185435.0 | ||
| 008 | 191031s2017 ag a rb 000 0 spa d | ||
| 020 | _a9877600900 | ||
| 020 | _a9789877600902 | ||
| 035 | _a(Sirsi) a252653 | ||
| 040 |
_aPE-LiUPU _bspa _cPE-LiUPU _dPE-LiUPU _erda |
||
| 049 | _aPRUA | ||
| 082 | 0 | 4 |
_a371.33 _bI6 _220 |
| 245 | 1 | 0 |
_aInvestigación e innovación en educación : _bNuevos paradigmas / _cCoordinación y edición Raquel Ferrari. |
| 264 | 1 |
_aCórdoba: _bUniversidad siglo 21 : _bBrujas, _c2017. |
|
| 300 |
_a131 páginas : _bilustraciones ; _c23 centímetros |
||
| 336 |
_atext _2rdacontent |
||
| 337 |
_aunmediated _2rdamedia |
||
| 338 |
_avolume _2rdacarrier |
||
| 504 | _aBibliografía: páginas 129-131. | ||
| 505 | 0 | _aAplicación de mundos virtuales para enseñanza mixta -- Internet en las aulas presenciales de la universidad siglo 21 -- Nuevas tecnologías y función docente, las tutorías en entornos virtuales -- Pensadores críticos. Desafíos para la educación de los jóvenes en la actualidad -- La cultura Gamer en educación -- Enseñar a emprender, nuevo tópico formativo -- "Con acceso a internet, los niños pueden aprender solos" -- "La tecnología sola no mejora la enseñanza" - Entrevista a Juana María Sancho Gil -- Innovación educativa: ¿para qué?. | |
| 526 | _aP202 | ||
| 526 | _aP201 | ||
| 526 | _aP163 | ||
| 526 | _aP162 | ||
| 526 | _aP161 | ||
| 526 | _aP160 | ||
| 526 | _aP148 | ||
| 526 | _aP147 | ||
| 526 | _aP146 | ||
| 526 | _aP145 | ||
| 526 | _aP144 | ||
| 526 | _aP143 | ||
| 526 | _aP142 | ||
| 526 | _aP141 | ||
| 526 | _aP140 | ||
| 526 | _aP139 | ||
| 526 | _aP138 | ||
| 526 | _aP137 | ||
| 526 | _aP136 | ||
| 526 | _aP135 | ||
| 526 | _aP134 | ||
| 526 | _aP133 | ||
| 526 | _aP129 | ||
| 526 | _aP128 | ||
| 526 | _aP127 | ||
| 526 | _aP120 | ||
| 526 | _aP119 | ||
| 526 | _aP118 | ||
| 526 | _aP116 | ||
| 526 | _aP115 | ||
| 526 | _aP114 | ||
| 526 | _aP110 | ||
| 526 | _aP109 | ||
| 526 | _aP108 | ||
| 526 | _aP104 | ||
| 526 | _aP103 | ||
| 526 | _aP102 | ||
| 526 | _aP99 | ||
| 526 | _aP98 | ||
| 526 | _aP97 | ||
| 526 | _aP96 | ||
| 526 | _aP95 | ||
| 526 | _aP93 | ||
| 526 | _aP90 | ||
| 526 | _aP89 | ||
| 526 | _aP88 | ||
| 526 | _aP83 | ||
| 526 | _aP82 | ||
| 526 | _aP62 | ||
| 526 | _aP59 | ||
| 526 | _aP58 | ||
| 526 | _aP57 | ||
| 526 | _aP51 | ||
| 526 | _aP49 | ||
| 526 | _aP48 | ||
| 526 | _aP47 | ||
| 526 | _aP29 | ||
| 526 | _aP24 | ||
| 526 | _aP20 | ||
| 526 | _aP19 | ||
| 526 | _aP17 | ||
| 526 | _aP15 | ||
| 526 | _aP14 | ||
| 526 | _aP12 | ||
| 526 | _aP10 | ||
| 526 | _aP09 | ||
| 526 | _aP08 | ||
| 526 | _aP07 | ||
| 526 | _aP06 | ||
| 526 | _aP05 | ||
| 526 | _aP04 | ||
| 526 | _aP01 | ||
| 541 | _gF004-000263; | ||
| 650 | 0 | 4 |
_aEducación _xEfecto de las innovaciones tecnológicas en. |
| 650 | 0 | 4 | _aInvestigación educativa. |
| 650 | 0 | 4 | _aInternet en educación. |
| 650 | 0 | 4 | _aArgentina. |
| 700 | 1 |
_aFerrari, Raquel, _eCoordinador. |
|
| 910 |
_abjr _brrch _crrch _d191031 |
||
| 942 |
_2ddc _cBOOK |
||
| 994 |
_aC0 _bPEPRU |
||
| 596 | _a1 | ||
| 999 |
_a371.33 I6 _wDEWEY _c31882 _i80379 _f2021-11-8 _g2 _lCCODEBUL1 _mBUL _p29.51 _r0 _sY _tBOOK _u2019-10-31 _xEDUCACION _zTO-MENCIÓN _0COMPRA _1FCOMPR4 _o.STAFF. Colección Ciencias Humanas y Educación _d31882 |
||
| 980 |
_81 _gALBERTO SANCHEZ Responsable de Automatización |
||